US States Containing K - Statistics

General Stats
  • This quiz has been taken 1,482 times
  • The average score is 7 of 9
Answer Stats
State % Correct
Kansas
94%
Kentucky
92%
Arkansas
85%
North Dakota
79%
South Dakota
79%
Alaska
77%
New York
71%
Oklahoma
67%
Nebraska
64%
No matching quizzes found
Score Distribution
Percent of People with Each Score
Percentile by Number Answered
Your Score History
You have not taken this quiz